En ejercicio de mí

Guardado en:
Bibliografiske detaljer
Hovedforfatter: Colombi, Heli
Format: Bog
Sprog:Undetermined
Udgivet: Caracas, Venezuela Universidad Central de Venezuela 1968
Fag:
Tags: Tilføj Tag
Ingen Tags, Vær først til at tagge denne postø!

MARC

LEADER 00000nam a2200000Ia 4500
008 170316s9999 xx 000 0 und d
040 |a cru BVZT 
090 |a 860 C-36e 
100 |a Colombi, Heli 
245 |a En ejercicio de mí 
260 |a Caracas, Venezuela 
260 |b Universidad Central de Venezuela 
260 |c 1968 
300 |a 127 páginas 
650 |a LITERATURA LATINOAMERICANA 
999 |c 8527  |d 8527 
942 |c 15 D  |h 860 C-36e  |2 z